| 000 | 00615nam a2200145Ia 4500 | ||
|---|---|---|---|
| 008 | 090124s9999 xx 000 0 und d | ||
| 082 | _b300627 | ||
| 245 | _a निळी पहाट मराठी दलित साहित्याची मिमांसा | ||
| 250 | _a2 | ||
| 260 |
_bजाधव रा. ग. _c1979 |
||
| 300 | _a135 | ||
| 630 | _a निळी पहाट मराठी दलित साहित्याची मिमांसा | ||
| 730 | _a निळी पहाट मराठी दलित साहित्याची मिमांसा | ||
| 942 | _cBOOK | ||
| 999 |
_c190181 _d190181 |
||